'The Dark Crystal' Characters: Picture Click Quiz Stats

 Plays Quiz not verified by Sporcle

Score 0/12 Timer 04:00
1 Play Today
% Correct
Kira (Gelfling)
91.1%
Aughra
86.2%
Fizzgig
85.1%
Skeksis
84.3%
Crystal Bat
83.4%
Podlings
79.1%
Mystics (urRu)
78.9%
Jen (Gelfling)
78.7%
Landstrider
72.1%
UrSkeks
66.1%
Garthim
65.9%
Nebrie
64.5%

You're not logged in!

Compare scores with friends on all Sporcle quizzes.
OR
Log In

Sporcle TV

Today on Sporcle TV


Watch our educational content, quiz creation guides, and fun videos on Sporcle TV.

Show Comments

Extras

Top Quizzes Today


Score Distribution

Your Account Isn't Verified!

In order to create a playlist on Sporcle, you need to verify the email address you used during registration. Go to your Sporcle Settings to finish the process.

Report this User

Report this user for behavior that violates our Community Guidelines.

Details: